| 000 | 00599nam a22001337a 4500 | ||
|---|---|---|---|
| 040 | _cNUST | ||
| 082 | _a370.152,TAN | ||
| 100 |
_aTaneja, V.R. _9106652 |
||
| 245 |
_aEducational Thinkers _cV.R. Taneja |
||
| 260 |
_aIndia _bAtlantic _c2004,2006,2011 |
||
| 300 | _a183 p.; | ||
| 505 | _aPlato (Page-1), Jean Jacques Rousseau (Page-9), Friedrich August Froebel (Page-32),Dr Maria Montessori (Page-49), John Dewey (Page-62), Rabindranath Tagore (Page-86), Mahatma Gandhi (Page-97), Aurobindo Ghosh (Page-125), Dr Mohammad Iqbal (Page-151), Dr Zakir Hussain (Page-167). | ||
| 942 |
_2ddc _cBK _k370.152,TAN |
||
| 999 |
_c592893 _d592893 |
||